000 00857nam a2200157 i 4500
001 37131
003 ES-MaACL
005 20230906155516.0
007 t|
008 030220s1905 fr ||||1| fre d
100 1 _aBrunot, Ferdinand.
_932205
245 1 0 _aHistoire de la langue française des origines a 1900 /
_cFerdinand Brunot.
300 _a9 t. en 12 v. ;
_c25 cm.
505 8 _aContiene. T.I: De l'epoque latine a la Renaissance. -- T.II: Le seizieme siecle. -- T.III: La formation de la langue classique (1600-1660). -- T.IV: La langue classique (1660-1715). -- T.V: Le français en France et hors de France au XVII siecle. -- T.VI: Le XVIII siecle. -- T.VII: La propagation du français en France jusqu'a la fin de 'ancien regime. -- T.VIII: Le français hors de France au XVIII. -- T.IX: La Revolution et l'Empire
852 _aES-MaACL
_jC-22121-32
999 _c37131
_d37131